000 00226nam a2200097Ia 4500
001 687480
005 20250826161556.0
008 250824s9999 xx 000 0 und d
245 0 _aATLA
_cMERCAN AYTUNA
260 _bTUDEM YAYINLARI
999 _c687480
_d687480